Les plus grands pays commençant par la lettre R - Statistiques

Statistiques générales
  • Ce quiz a été pris 76 fois
  • Le résultat moyen est 3 sur 5
Statistiques - réponses
Superficie (km²) Position dans le monde
en termes de superficie
Pays % Correct
17 098 246 1 Russie
100%
2 344 858 11 République démocratique du Congo
60%
246 690 79 Royaume-Uni
52%
342 000 65 République du Congo
44%
622 984 45 République centrafricaine
38%
Aucun quiz correspondant
Distribution des résultats
% des personnes avec chaque résultat
Percentile par nombre de réponses
Votre historique - résultats
Vous n’avez pas pris ce quiz